书目信息 |
| 题名: |
新版Visual Foxpro 6.0中文版实用教程
|
|
| 作者: | 向伟 , 李建华 编著 | |
| 分册: | ||
| 出版信息: | 成都 电子科技大学出版社 2003.10 |
|
| 页数: | 311页 | |
| 开本: | 26cm | |
| 丛书名: | ||
| 单 册: | ||
| 中图分类: | TP311.132.3 | |
| 科图分类: | ||
| 主题词: | 软件 | |
| 电子资源: | ||
| ISBN: | 7-81065-979-0 | |
| 000 | 00632nam0 2200193 45 | |
| 001 | 0462683637 | |
| 005 | 2004051317244363 | |
| 010 | @a7-81065-979-0@dCNY 24.00 | |
| 100 | @a20040513d2003 km y0chiy0120 ea | |
| 101 | 0 | @achi |
| 200 | 1 | @a新版Visual Foxpro 6.0中文版实用教程@Axin ban Visual Foxpro 6.0 zhong wen ban shi yong jiao cheng@f向伟,李建华编著@Fxiang wei,li jian hua bian zhu |
| 210 | @a成都@c电子科技大学出版社@d2003.10 | |
| 215 | @a311页@d26cm | |
| 606 | 0 | @a软件 |
| 690 | @aTP311.132.3@v4 | |
| 701 | 0 | @a向伟@Axiang wei@4编著 |
| 701 | 0 | @a李建华@Ali jian hua@4编著 |
| 801 | 0 | @aCN@bPFT@c20040513 |
| 905 | @dTP311.132.3@eX279 | |
| 新版Visual Foxpro 6.0中文版实用教程/向伟,李建华编著.-成都:电子科技大学出版社,2003.10 |
| 311页;26cm |
| ISBN 7-81065-979-0:CNY 24.00 |
| ● |
| 相关链接 |
|
|
|
正题名:新版Visual Foxpro 6.0中文版实用教程
索取号:TP311.132.3/X279
 
预约/预借
| 序号 | 登录号 | 条形码 | 馆藏地/架位号 | 状态 | 备注 |
| 1 | 375490 | 203754909 | 期刊室512/301自科库 41排1列1层/ [索取号:TP311.132.3/X279] | 在馆 | |
| 2 | 375491 | 203754918 | 期刊室512/301自科库 41排1列1层/ [索取号:TP311.132.3/X279] | 在馆 | |
| 3 | 375492 | 203754927 | 期刊室512/301自科库 41排1列1层/ [索取号:TP311.132.3/X279] | 在馆 |